000 01149cam a2200337 i 4500
999 _c17721
_d17721
001 2281113
003 BDDh-ASL
005 20231015025629.0
008 790622s1980 njua b 001 0 eng
010 _a 79017051
020 _a0691064156 :
_c$30.00
040 _aDLC
_cDLC
_dBDDh-ASL
043 _aa-ii---
050 0 0 _aBL1245.S5
_bS53
082 0 0 _a294.5513
_bSHT
100 1 _aShulman, David Dean,
_d1949-
245 1 0 _aTamil temple myths :
_bsacrifice and divine marriage in the South Indian Saiva tradition /
_cDavid Dean Shulman.
260 _aPrinceton, N.J. :
_bPrinceton University Press,
_cc1980.
300 _axvi, 471 p. :
_bill. ;
_c24 cm.
500 _aIncludes indexes.
504 _aBibliography: p. [427]-455.
650 0 _aĹšaivism
_zIndia, South.
650 0 _aMythology, Tamil.
650 0 _aHindu temples
_zIndia, South.
650 0 _aSacred marriage (Mythology)
650 0 _aSacrifice
_xHinduism.
650 0 _aHinduism
_xDoctrines.
856 4 2 _3Publisher description
_uhttp://www.loc.gov/catdir/enhancements/fy1409/79017051-d.html
906 _a7
_bcbc
_corignew
_d1
_eocip
_f19
_gy-gencatlg
942 _2ddc
_cBK